书目信息 |
| 题名: |
现代平面广告创意设计
|
|
| 作者: | 李伟 编著 | |
| 分册: | ||
| 出版信息: | 长沙 湖南人民出版社 2007.08 |
|
| 页数: | 112页 | |
| 开本: | 25×26cm | |
| 丛书名: | 高等学校美术与设计专业教学丛书 | |
| 单 册: | ||
| 中图分类: | J524.3 | |
| 科图分类: | ||
| 主题词: | 广告--guang gao--平面设计--高等学校--教材 | |
| 电子资源: | ||
| ISBN: | 978-7-5438-4947-1 | |
| 000 | 01054nam 2200265 450 | |
| 001 | 012008112234 | |
| 005 | 20080124162614.18 | |
| 010 | @a978-7-5438-4947-1@dCNY58.00 | |
| 100 | @a20080124d2007 em y0chiy0120 ea | |
| 101 | 0 | @achi |
| 102 | @aCN@b430000 | |
| 105 | @aa a 000yy | |
| 106 | @ar | |
| 200 | 1 | @a现代平面广告创意设计@Axian dai ping mian guang gao chuang yi she ji@f李伟编著@Fli wei bian zhu |
| 210 | @a长沙@c湖南人民出版社@d2007.08 | |
| 215 | @a112页@c图@d25×26cm | |
| 225 | 2 | @a高等学校美术与设计专业教学丛书@Agao deng xue xiao mei shu yu she ji zhuan ye jiao xue cong shu |
| 320 | @a有书目 (第112页) | |
| 330 | @a作者收集了大量中外经典平面广告作品及在教学过程中所收集的部分学生优秀平面广告作品,并力求通过对这些作品的解读,扩大读者的视野,进而整体提升广告从业人员的实际设计能力和创意水准。 | |
| 410 | 0 | @12001 @a高等学校美术与设计专业教学丛书 |
| 606 | 0 | @a广告@Aguang gao@x平面设计@x高等学校@j教材 |
| 690 | @aJ524.3@v4 | |
| 701 | 0 | @a李伟@Ali wei@4编著 |
| 801 | 0 | @aCN@bQSSK@c20080124 |
| 905 | @b280527-29@dJ524.3@eL283@f3 | |
| 现代平面广告创意设计/李伟编著.-长沙:湖南人民出版社,2007.08 |
| 112页:图;25×26cm.-(高等学校美术与设计专业教学丛书) |
| ISBN 978-7-5438-4947-1:CNY58.00 |
| 作者收集了大量中外经典平面广告作品及在教学过程中所收集的部分学生优秀平面广告作品,并力求通过对这些作品的解读,扩大读者的视野,进而整体提升广告从业人员的实际设计能力和创意水准。 |
| ● |
| 相关链接 |
|
|
|
正题名:现代平面广告创意设计
索取号:J524.3/L283
 
预约/预借
| 序号 | 登录号 | 条形码 | 馆藏地/架位号 | 状态 | 备注 |
| 1 | 280527 | 202805278 | 社科库309/309社科库 87排2列3层/ [索取号:J524.3/L283] | 在馆 | |
| 2 | 280528 | 202805287 | 社科库309/309社科库 87排2列3层/ [索取号:J524.3/L283] | 在馆 | |
| 3 | 280529 | 202805296 | 社科库309/309社科库 87排2列3层/ [索取号:J524.3/L283] | 在馆 |